[Event "Arco op 35th"]
[Site "Arco"]
[Date "2013.10.18"]
[Round "7"]
[White "Facchetti, Gianni"]
[Black "Wild, Katharina"]
[Result "1-0"]
[WhiteElo "2080"]
[BlackElo "1892"]
[PlyCount "73"]
[EventDate "2013.10.12"]
[EventType "swiss"]
[EventRounds "9"]
[EventCountry "ITA"]
[SourceTitle "EXT 2014"]
[Source "ChessBase"]
[SourceDate "2013.11.20"]
[SourceVersion "1"]
[SourceVersionDate "2013.11.20"]
[SourceQuality "1"]

1. e4 c6 2. d4 d5 3. f3 e6 4. Nc3 Bb4 5. Nge2 Ne7 6. a3 Ba5 7. Be3 0-0 8. Ng3 Nd7 9. b4 Bc7 10. e5 b6 11. f4 c5 12. Bd3 cxd4 13. Bxd4 Nc6 14. Bf2 Bb7 15. 0-0 a6 16. Qh5 f5 17. exf6 Nxf6 18. Qh4 Qe7 19. Rae1 h6 20. Nh5 d4 21. Ne2 Nxh5 22. Qxh5 Qf6 23. Bh4 Qf7 24. Qg4 b5 25. Ng3 Bxf4 26. Nh5 e5 27. g3 Bc8 28. Qd1 Bh3 29. gxf4 Bxf1 30. Rxf1 Qd5 31. Qg4 Ra7 32. Qg6 Ne7 33. Qh7+ Kf7 34. fxe5+ Ke8 35. Rxf8+ Kxf8 36. Qxg7+ Ke8 37. Nf6+ 1-0

[Event "Arco op 32nd"]
[Site "Arco"]
[Date "2010.10.19"]
[Round "4"]
[White "Wild, Katharina"]
[Black "Schuetzler, Bernd"]
[Result "1-0"]
[WhiteElo "1906"]
[BlackElo "1707"]
[PlyCount "63"]
[EventDate "2010.10.16"]
[EventType "swiss"]
[EventRounds "9"]
[EventCountry "ITA"]
[SourceTitle "EXT 2024"]
[Source "ChessBase"]
[SourceDate "2023.10.10"]
[SourceVersion "1"]
[SourceVersionDate "2023.10.10"]
[SourceQuality "1"]

1. c4 Nf6 2. Nc3 e6 3. Nf3 Bb4 4. a3 Bxc3 5. bxc3 c6 6. d4 d5 7. e3 0-0 8. a4 a5 9. Ba3 Re8 10. c5 Nbd7 11. Rb1 b6 12. Be2 bxc5 13. dxc5 Ne4 14. Qc2 Ndxc5 15. Bxc5 Nxc5 16. c4 Ne4 17. Bd3 Nf6 18. Nd4 Bd7 19. 0-0 e5 20. Nb3 e4 21. Be2 Bg4 22. Bxg4 Nxg4 23. Nd4 Qd6 24. g3 h5 25. Rb6 Rec8 26. cxd5 Qxd5 27. Rxc6 Rxc6 28. Nxc6 Qe6 29. Rb1 Ra6 30. Nd4 Qe8 31. Qc7 Nf6 32. Rb8 1-0

[Event "St Veit op-A 28th"]
[Site "St Veit"]
[Date "2009.07.11"]
[Round "1"]
[White "Wild, Katharina"]
[Black "Jeraj, Zlatko"]
[Result "0-1"]
[WhiteElo "1885"]
[BlackElo "2123"]
[PlyCount "64"]
[EventDate "2009.07.11"]
[EventType "swiss"]
[EventRounds "9"]
[EventCountry "AUT"]
[SourceTitle "CBM 131 Extra"]
[Source "ChessBase"]
[SourceDate "2009.09.03"]
[SourceVersion "2"]
[SourceVersionDate "2009.09.16"]
[SourceQuality "1"]

1. c4 e5 2. Nc3 Nf6 3. Nf3 Nc6 4. g3 d6 5. Bg2 Be7 6. 0-0 h6 7. d3 0-0 8. Bd2 Bg4 9. a3 Qd7 10. Re1 Nd8 11. b4 c6 12. Qb3 Ne6 13. e3 Nh7 14. Ne2 Nhg5 15. Nh4 Nh3+ 16. Kf1 Bxh4 17. gxh4 Qe7 18. Ng1 Qxh4 19. Nxh3 Bxh3 20. Bxh3 Qxh3+ 21. Ke2 Qg4+ 22. f3 Qg2+ 23. Kd1 Ng5 24. Re2 Qxf3 25. Be1 d5 26. c5 b6 27. cxb6 axb6 28. Kd2 d4 29. Bg3 c5 30. e4 cxb4 31. Qxb4 Rfc8 32. Rae1 Rc3 0-1

[Event "GER-ch U16 Girls"]
[Site "Willingen"]
[Date "2009.06.01"]
[Round "3"]
[White "Harder, Anne"]
[Black "Wild, Katharina"]
[Result "0-1"]
[WhiteElo "1598"]
[BlackElo "1904"]
[PlyCount "76"]
[EventDate "2009.05.30"]
[EventType "swiss"]
[EventRounds "9"]
[EventCountry "GER"]
[SourceTitle "EXT 2010"]
[Source "ChessBase"]
[SourceDate "2010.11.25"]
[SourceVersion "1"]
[SourceVersionDate "2010.11.25"]
[SourceQuality "1"]

1. e4 c6 2. d4 d5 3. e5 Bf5 4. Nf3 e6 5. Be2 Nd7 6. 0-0 c5 7. Be3 Rc8 8. c4 dxc4 9. Qa4 Ne7 10. Na3 Nc6 11. Nxc4 a6 12. Nd6+ Bxd6 13. exd6 cxd4 14. Nxd4 Nxd4 15. Bxd4 0-0 16. Qa3 e5 17. Be3 Nb6 18. Bc5 Nd7 19. Bb4 Re8 20. Rad1 Qg5 21. Bd2 Qg6 22. Rc1 Be4 23. f3 Rxc1 24. Rxc1 Bc6 25. Qd3 e4 26. Qa3 exf3 27. Bxf3 Bxf3 28. Qxf3 Qxd6 29. Bf4 Qb6+ 30. Qf2 h6 31. Kf1 Qb5+ 32. Kg1 Re2 33. Qg3 Qxb2 34. Bxh6 Qb6+ 35. Kf1 Qxh6 36. Rc8+ Nf8 37. Kxe2 Qe6+ 38. Qe3 Qxc8 0-1

[Event "NRW-ch U16 Girls"]
[Site "Kranenburg"]
[Date "2009.04.16"]
[Round "5"]
[White "Wild, Katharina"]
[Black "Orhan, Eda"]
[Result "1-0"]
[WhiteElo "1904"]
[BlackElo "1769"]
[PlyCount "81"]
[EventDate "2009.04.13"]
[EventType "swiss"]
[EventRounds "7"]
[EventCountry "GER"]
[SourceTitle "EXT 2010"]
[Source "ChessBase"]
[SourceDate "2010.11.25"]
[SourceVersion "1"]
[SourceVersionDate "2010.11.25"]
[SourceQuality "1"]

1. c4 Nf6 2. Nc3 d6 3. e4 g6 4. d4 Bg7 5. f4 Bg4 6. Nf3 0-0 7. Be2 Nfd7 8. Be3 e5 9. fxe5 dxe5 10. d5 Bxf3 11. Bxf3 Nf6 12. 0-0 Nbd7 13. Rc1 Qe7 14. a3 a5 15. Na4 b6 16. Nc3 Rfd8 17. Rb1 Ne8 18. b4 axb4 19. axb4 Nd6 20. Qd3 f5 21. c5 bxc5 22. bxc5 Nf7 23. Qc4 f4 24. Bf2 Kh8 25. Kh1 Ng5 26. Bg1 Rab8 27. Rxb8 Rxb8 28. Rb1 Rxb1 29. Nxb1 Nxf3 30. gxf3 Bf8 31. Qc3 Bg7 32. Nd2 Kg8 33. Qc4 Kh8 34. Bf2 Bf6 35. Qb5 Bh4 36. Bg1 Bf6 37. Nc4 Kg7 38. Qa5 Kf7 39. Qxc7 Ke8 40. c6 Nf8 41. Nd6+ 1-0

[Event "NRW-ch U16 Girls"]
[Site "Kranenburg"]
[Date "2009.04.15"]
[Round "4"]
[White "Brune, Lena Marie"]
[Black "Wild, Katharina"]
[Result "0-1"]
[WhiteElo "1267"]
[BlackElo "1904"]
[PlyCount "54"]
[EventDate "2009.04.13"]
[EventType "swiss"]
[EventRounds "7"]
[EventCountry "GER"]
[SourceTitle "EXT 2010"]
[Source "ChessBase"]
[SourceDate "2010.11.25"]
[SourceVersion "1"]
[SourceVersionDate "2010.11.25"]
[SourceQuality "1"]

1. d4 d5 2. Nf3 c6 3. g3 Bf5 4. Bg2 e6 5. 0-0 Nf6 6. e3 Nbd7 7. Bd2 c5 8. Bc3 b5 9. b3 Ne4 10. Bb2 c4 11. Nfd2 Nef6 12. Nf3 Nb6 13. Nc3 b4 14. Ne2 h6 15. Re1 Rc8 16. Rc1 Bd6 17. Kh1 0-0 18. Neg1 a5 19. Nh4 Bh7 20. Bf1 a4 21. c3 cxb3 22. axb3 a3 23. Ba1 Ne4 24. Kg2 Nxc3 25. Bxc3 Rxc3 26. Qd2 Rxb3 27. Ra1 Qa8 0-1

[Event "NRW-ch U16 Girls"]
[Site "Kranenburg"]
[Date "2009.04.13"]
[Round "1"]
[White "Wild, Katharina"]
[Black "Sturm, Johanna"]
[Result "1/2-1/2"]
[WhiteElo "1904"]
[BlackElo "1292"]
[PlyCount "70"]
[EventDate "2009.04.13"]
[EventType "swiss"]
[EventRounds "7"]
[EventCountry "GER"]
[SourceTitle "EXT 2010"]
[Source "ChessBase"]
[SourceDate "2010.11.25"]
[SourceVersion "1"]
[SourceVersionDate "2010.11.25"]
[SourceQuality "1"]

1. c4 c5 2. Nf3 Nc6 3. d4 cxd4 4. Nxd4 Nxd4 5. Qxd4 Nf6 6. Nc3 g6 7. e4 d6 8. Be2 e5 9. Qd1 Bg7 10. Be3 0-0 11. f3 Be6 12. 0-0 Rc8 13. b3 a6 14. Qd2 Qe7 15. Na4 Nd7 16. Rfd1 Rc6 17. Rac1 f5 18. Nc3 f4 19. Nd5 Bxd5 20. Qxd5+ Kh8 21. Bf2 Rd8 22. b4 Bh6 23. a4 Nf6 24. Qd2 Qg7 25. Qd3 g5 26. b5 axb5 27. axb5 Rcc8 28. Bb6 Rd7 29. Qa3 Qe7 30. c5 dxc5 31. Bxc5 Rxd1+ 32. Bxd1 Qd7 33. Be7 Ne8 34. Rxc8 Qxd1+ 35. Kf2 Qd2+ 1/2-1/2

[Event "BL2 West 0809 (Women)"]
[Site "Germany"]
[Date "2009.03.08"]
[Round "7.4"]
[White "Wild, Katharina"]
[Black "Krumbke, Nadine"]
[Result "1-0"]
[WhiteElo "1883"]
[BlackElo "1840"]
[PlyCount "113"]
[EventDate "2008.11.08"]
[EventType "team-tourn"]
[EventRounds "7"]
[EventCountry "GER"]
[SourceTitle "EXT 2010"]
[Source "ChessBase"]
[SourceDate "2010.11.25"]
[SourceVersion "1"]
[SourceVersionDate "2010.11.25"]
[SourceQuality "1"]
[WhiteTeam "Steinfurt (W)"]
[BlackTeam "Kiel Doppelbauer (W)"]
[WhiteTeamCountry "GER"]
[BlackTeamCountry "GER"]

1. c4 Nf6 2. Nc3 g6 3. e4 Nc6 4. d4 Bg7 5. f4 0-0 6. Nf3 e6 7. Be2 d5 8. e5 Ne4 9. Be3 b6 10. 0-0 Bb7 11. cxd5 Nxc3 12. bxc3 Qxd5 13. Qc2 Ne7 14. Ne1 Nf5 15. Bf3 Nxe3 16. Qd3 Qc4 17. Qxe3 Ba6 18. Nc2 Rac8 19. Nb4 c5 20. Nxa6 Qxa6 21. d5 exd5 22. Bxd5 c4 23. e6 Qa5 24. exf7+ Rxf7 25. Bxf7+ Kxf7 26. f5 Qc5 27. fxg6+ Kxg6 28. Qxc5 Rxc5 29. Rf3 Rd5 30. Rg3+ Kh6 31. Re1 Bf8 32. Re4 Bc5+ 33. Kf1 Rf5+ 34. Rf3 Rh5 35. h4 b5 36. Rf7 Kg6 37. Ref4 Rxh4 38. Rxh4 Kxf7 39. Rxh7+ Ke6 40. Rh5 Kd6 41. g4 b4 42. cxb4 Bxb4 43. Ke2 Ke6 44. Rb5 a5 45. a3 Bxa3 46. Rxa5 Bf8 47. Ke3 Bg7 48. Rf5 c3 49. Kd3 Bh8 50. Rf2 Bg7 51. g5 Bh8 52. g6 Bf6 53. Rf1 Ke7 54. Rb1 Bg7 55. Rb3 Bf6 56. Rb7+ Kf8 57. Rf7+ 1-0

[Event "BL2 West 0809 (Women)"]
[Site "Germany"]
[Date "2009.03.07"]
[Round "6.4"]
[White "Peters, Inken Dirtje"]
[Black "Wild, Katharina"]
[Result "0-1"]
[WhiteElo "1685"]
[BlackElo "1883"]
[PlyCount "62"]
[EventDate "2008.11.08"]
[EventType "team-tourn"]
[EventRounds "7"]
[EventCountry "GER"]
[SourceTitle "EXT 2010"]
[Source "ChessBase"]
[SourceDate "2010.11.25"]
[SourceVersion "1"]
[SourceVersionDate "2010.11.25"]
[SourceQuality "1"]
[WhiteTeam "Lehrte (W) II"]
[BlackTeam "Steinfurt (W)"]
[WhiteTeamCountry "GER"]
[BlackTeamCountry "GER"]

1. Nf3 d5 2. g3 Bf5 3. Bg2 e6 4. d4 c5 5. e3 Nf6 6. Nbd2 Nc6 7. 0-0 Be7 8. c3 0-0 9. a4 Rb8 10. h3 a6 11. dxc5 Bxc5 12. Nb3 Bd6 13. Nbd4 Nxd4 14. exd4 Qc7 15. Kh2 b5 16. Qe1 b4 17. Nh4 Bd3 18. Rg1 bxc3 19. bxc3 e5 20. Ba3 Bxa3 21. Rxa3 e4 22. Qd2 Rb6 23. Nf5 h6 24. f3 Rfb8 25. fxe4 Bxe4 26. Bxe4 Nxe4 27. Qd3 Rb2+ 28. Rg2 Rxg2+ 29. Kxg2 Rb2+ 30. Kf3 Rf2+ 31. Ke3 Rxf5 0-1

[Event "GER-ch U16 Girls"]
[Site "Willingen"]
[Date "2008.05.11"]
[Round "9"]
[White "Wild, Katharina"]
[Black "Dorn, Carina"]
[Result "1/2-1/2"]
[WhiteElo "1882"]
[BlackElo "1782"]
[PlyCount "66"]
[EventDate "2008.05.11"]
[EventType "swiss"]
[EventRounds "9"]
[EventCountry "GER"]
[SourceTitle "CBM 124 Extra"]
[Source "ChessBase"]
[SourceDate "2008.07.03"]
[SourceVersion "1"]
[SourceVersionDate "2008.07.03"]
[SourceQuality "1"]

1. c4 e5 2. Nc3 Nc6 3. g3 g6 4. Bg2 Bg7 5. d3 f5 6. e3 Nf6 7. Nge2 0-0 8. 0-0 d6 9. Rb1 Be6 10. b4 Qd7 11. b5 Nd8 12. a4 c6 13. f4 e4 14. Nd4 d5 15. Nxe6 Qxe6 16. cxd5 Nxd5 17. Nxd5 cxd5 18. Ba3 Rf7 19. Rc1 Rc8 20. Qd2 b6 21. Rfd1 Nb7 22. Bf1 Rfc7 23. d4 Na5 24. Qb2 Qd7 25. Rxc7 Rxc7 26. Rc1 Rxc1 27. Qxc1 Bf6 28. Bb4 Be7 29. Bxa5 bxa5 30. Be2 Kf7 31. Bd1 Bd6 32. Bb3 Ke6 33. Qc2 Bb4 1/2-1/2

[Event "NRW-ch U16 Girls"]
[Site "Kranenburg"]
[Date "2008.03.26"]
[Round "4"]
[White "Wild, Katharina"]
[Black "Niemeyer, Sarah"]
[Result "0-1"]
[WhiteElo "1675"]
[BlackElo "1556"]
[PlyCount "40"]
[EventDate "2008.03.24"]
[EventType "swiss"]
[EventRounds "7"]
[EventCountry "GER"]
[SourceTitle "EXT 2009"]
[Source "ChessBase"]
[SourceDate "2008.11.26"]
[SourceVersion "1"]
[SourceVersionDate "2008.11.26"]
[SourceQuality "1"]

1. c4 e5 2. Nc3 Nc6 3. Nf3 g6 4. g3 Bg7 5. Bg2 f5 6. d3 d6 7. 0-0 Nf6 8. e3 h6 9. Ne1 g5 10. f4 Be6 11. Nd5 Qd7 12. Rb1 a5 13. Qb3 Rb8 14. Qa4 exf4 15. exf4 Ng4 16. Nf3 Qf7 17. Re1 Kf8 18. Nxc7 Qxc7 19. Rxe6 Qb6+ 20. Kf1 Qf2# 0-1

[Event "GER-chT U14 Girls"]
[Site "Stuttgart"]
[Date "2007.12.30"]
[Round "7.1"]
[White "Wild, Katharina"]
[Black "Schmalhorst, Sophia"]
[Result "1/2-1/2"]
[WhiteElo "1589"]
[BlackElo "1312"]
[PlyCount "51"]
[EventDate "2007.12.27"]
[EventType "team-swiss"]
[EventRounds "7"]
[EventCountry "GER"]
[SourceTitle "EXT 2009"]
[Source "ChessBase"]
[SourceDate "2008.11.26"]
[SourceVersion "1"]
[SourceVersionDate "2008.11.26"]
[SourceQuality "1"]
[WhiteTeam "Nordhorn Blanke U14 Girls"]
[BlackTeam "Rossdorf SC Ladja U14 Girls"]
[WhiteTeamCountry "GER"]
[BlackTeamCountry "GER"]

1. c4 e5 2. Nc3 Nc6 3. g3 g6 4. Bg2 Bg7 5. Nf3 d6 6. d3 f5 7. e3 Nf6 8. 0-0 0-0 9. Bd2 h6 10. Ne1 g5 11. f4 Qe8 12. Nd5 Nxd5 13. Bxd5+ Be6 14. Qf3 Bxd5 15. Qxd5+ Qf7 16. Qxf7+ Rxf7 17. Bc3 Re8 18. Ng2 e4 19. Bxg7 Kxg7 20. d4 Nb4 21. a3 Nc6 22. b4 a6 23. Rac1 Kg6 24. h3 Na7 25. c5 d5 26. a4 1/2-1/2

[Event "BL2 West 0708 (Women)"]
[Site "Germany"]
[Date "2007.11.11"]
[Round "2.5"]
[White "Wild, Katharina"]
[Black "Schaefer, Edith"]
[Result "1-0"]
[WhiteElo "1860"]
[BlackElo "1632"]
[PlyCount "49"]
[EventDate "2007.11.10"]
[EventType "team-tourn"]
[EventRounds "7"]
[EventCountry "GER"]
[SourceTitle "EXT 2009"]
[Source "ChessBase"]
[SourceDate "2008.11.26"]
[SourceVersion "1"]
[SourceVersionDate "2008.11.26"]
[SourceQuality "1"]
[WhiteTeam "Steinfurt (W)"]
[BlackTeam "Schott Mainz (W) II"]
[WhiteTeamCountry "GER"]
[BlackTeamCountry "GER"]

1. c4 e6 2. e4 Nf6 3. Nc3 d5 4. e5 Nfd7 5. d4 Bb4 6. Qg4 g6 7. Bg5 Be7 8. Bxe7 Qxe7 9. cxd5 c6 10. d6 Qd8 11. Nf3 Nb6 12. Bd3 Nd5 13. Ng5 0-0 14. Qh4 h5 15. g4 Nf4 16. Be4 Kg7 17. gxh5 Nxh5 18. Rg1 Rh8 19. Qg4 f5 20. Nxe6+ Bxe6 21. Qxg6+ Kf8 22. Qxe6 fxe4 23. Nxe4 Nf4 24. Qf5+ Ke8 25. Nf6+ 1-0

[Event "Steinfurt Bezirksklasse 0708"]
[Site "Germany"]
[Date "2007.11.03"]
[Round "2.1"]
[White "Wild, Katharina"]
[Black "Dau, Dietmar"]
[Result "1/2-1/2"]
[WhiteElo "1597"]
[BlackElo "1292"]
[PlyCount "50"]
[EventDate "2007.10.13"]
[EventType "team-tourn"]
[EventRounds "7"]
[EventCountry "GER"]
[SourceTitle "EXT 2009"]
[Source "ChessBase"]
[SourceDate "2008.11.26"]
[SourceVersion "1"]
[SourceVersionDate "2008.11.26"]
[SourceQuality "1"]
[WhiteTeam "Steinfurt IV"]
[BlackTeam "Ibbenbueren III"]
[WhiteTeamCountry "GER"]
[BlackTeamCountry "GER"]

1. c4 Nf6 2. Nc3 e6 3. e4 Bb4 4. e5 Bxc3 5. bxc3 Ng8 6. d4 Ne7 7. Bd3 d5 8. exd6 cxd6 9. Nf3 h6 10. Ba3 0-0 11. 0-0 Qc7 12. Qb3 Nbc6 13. Rfe1 b6 14. d5 exd5 15. cxd5 Na5 16. Qb5 a6 17. Qb4 Nb7 18. Nh4 Nc5 19. Qd4 Nxd3 20. Qxd3 b5 21. Bb2 Bb7 22. Qg3 f6 23. Re6 Bxd5 24. Rxd6 Bc4 25. Ba3 Rf7 1/2-1/2

[Event "Volme op-F"]
[Site "Schalksmuehle"]
[Date "2007.08.26"]
[Round "4"]
[White "Kuegel, Tobias"]
[Black "Wild, Katharina"]
[Result "1-0"]
[WhiteElo "1584"]
[BlackElo "1597"]
[PlyCount "85"]
[EventDate "2007.08.24"]
[EventType "tourn"]
[EventRounds "5"]
[EventCountry "GER"]
[SourceTitle "EXT 2009"]
[Source "ChessBase"]
[SourceDate "2008.11.26"]
[SourceVersion "1"]
[SourceVersionDate "2008.11.26"]
[SourceQuality "1"]

1. e4 c6 2. d4 d5 3. exd5 cxd5 4. Nf3 Bf5 5. Bd3 Bxd3 6. Qxd3 e6 7. Bf4 Nc6 8. 0-0 Nf6 9. Nbd2 Be7 10. Be5 0-0 11. c3 Nxe5 12. Nxe5 Nd7 13. f4 Nxe5 14. fxe5 f6 15. Qh3 Qb6 16. exf6 Bxf6 17. Nb3 Be7 18. Rae1 Rxf1+ 19. Rxf1 Rf8 20. Re1 Rf6 21. Rf1 Rxf1+ 22. Kxf1 a5 23. Qh5 g6 24. Qe5 a4 25. Nc5 Bxc5 26. dxc5 Qxc5 27. Qxe6+ Kf8 28. Qf6+ Kg8 29. Qd8+ Qf8+ 30. Qxf8+ Kxf8 31. Ke2 Ke7 32. Ke3 Ke6 33. Kd4 Kd6 34. c4 dxc4 35. Kxc4 Kc6 36. b3 axb3 37. axb3 b5+ 38. Kd4 Kd6 39. b4 Kc6 40. Ke5 Kc7 41. Kd5 Kb6 42. Kd6 Kb7 43. Kc5 1-0

[Event "Volme op-F"]
[Site "Schalksmuehle"]
[Date "2007.08.25"]
[Round "2"]
[White "Wild, Katharina"]
[Black "Olszewski, Peter"]
[Result "0-1"]
[WhiteElo "1597"]
[BlackElo "1612"]
[PlyCount "68"]
[EventDate "2007.08.24"]
[EventType "tourn"]
[EventRounds "5"]
[EventCountry "GER"]
[SourceTitle "EXT 2009"]
[Source "ChessBase"]
[SourceDate "2008.11.26"]
[SourceVersion "1"]
[SourceVersionDate "2008.11.26"]
[SourceQuality "1"]

1. c4 e5 2. Nc3 Nc6 3. Nf3 f5 4. d3 Nf6 5. g3 Bc5 6. Bg2 f4 7. a3 fxg3 8. hxg3 a5 9. Bd2 Qe7 10. e3 d6 11. Nd5 Nxd5 12. cxd5 Nd8 13. Nh4 Qf7 14. Be4 Rf8 15. Rh2 g6 16. Nf3 Qe7 17. Qc2 Bf5 18. Bxf5 Rxf5 19. Qd1 e4 20. d4 Bb6 21. Ng1 Rxd5 22. Ne2 Rf5 23. Nf4 c6 24. g4 Rg5 25. Nh3 Rd5 26. Nf4 Rb5 27. a4 Rg5 28. Nh3 Ne6 29. Nxg5 Nxg5 30. Ke2 Nf3 31. Rh3 0-0-0 32. Rc1 Rf8 33. d5 Qf7 34. Be1 Ng1+ 0-1

[Event "Niedersachsen-ch U14"]
[Site "Rotenburg/Wuemme"]
[Date "2007.04.05"]
[Round "7"]
[White "Wild, Katharina"]
[Black "Pfemeter, Felix"]
[Result "1-0"]
[WhiteElo "1860"]
[BlackElo "1502"]
[PlyCount "69"]
[EventDate "2007.03.31"]
[EventType "swiss"]
[EventRounds "9"]
[EventCountry "GER"]
[SourceTitle "EXT 2008"]
[Source "ChessBase"]
[SourceDate "2007.11.25"]
[SourceVersion "1"]
[SourceVersionDate "2007.11.25"]
[SourceQuality "1"]

1. d4 e6 2. e4 d5 3. exd5 exd5 4. c4 Nf6 5. Nc3 Be7 6. Nf3 0-0 7. Be2 dxc4 8. Bxc4 c6 9. 0-0 Nbd7 10. Re1 Nb6 11. Bb3 Bg4 12. Qd3 Rc8 13. h3 Bh5 14. a3 c5 15. Qe3 Re8 16. Qf4 Bxf3 17. Qxf3 cxd4 18. Rd1 Rc7 19. Nb5 Rd7 20. Nxa7 d3 21. Be3 d2 22. Nb5 Bf8 23. Nc3 Re5 24. a4 Bb4 25. Bf4 Ree7 26. Kh2 Rd3 27. Rxd2 Rxd2 28. Bxd2 Qxd2 29. Rd1 Qxb2 30. Rd8+ Re8 31. Rxe8+ Bf8 32. Nd5 Nxe8 33. Ne7+ Kh8 34. Qxf7 Qxb3 35. Qxf8+ 1-0

[Event "Niedersachsen-ch U14"]
[Site "Rotenburg/Wuemme"]
[Date "2007.04.04"]
[Round "6"]
[White "Kleinschmidt, Annika"]
[Black "Wild, Katharina"]
[Result "0-1"]
[WhiteElo "1286"]
[BlackElo "1860"]
[PlyCount "72"]
[EventDate "2007.03.31"]
[EventType "swiss"]
[EventRounds "9"]
[EventCountry "GER"]
[SourceTitle "EXT 2008"]
[Source "ChessBase"]
[SourceDate "2007.11.25"]
[SourceVersion "1"]
[SourceVersionDate "2007.11.25"]
[SourceQuality "1"]

1. e4 c6 2. Nf3 d5 3. exd5 cxd5 4. Ne5 a6 5. d4 Bf5 6. Bd3 Bxd3 7. Qxd3 e6 8. 0-0 Nf6 9. c3 Be7 10. Nd2 Nbd7 11. f4 Nxe5 12. fxe5 Nd7 13. Nf3 0-0 14. g3 b5 15. h4 f5 16. exf6 Rxf6 17. Bg5 Rf8 18. Bf4 Bxh4 19. Nxh4 g5 20. Ng2 gxf4 21. Nxf4 Rf6 22. Rae1 Nf8 23. g4 Qd7 24. g5 Qg7 25. Kh2 Qxg5 26. Nh3 Qh6 27. Rxf6 Qxf6 28. Rg1+ Ng6 29. Rg3 Rf8 30. Kg2 Kh8 31. Qe2 Nh4+ 32. Kh2 Qf5 33. Rg1 Nf3+ 34. Kg2 Qg4+ 35. Kh1 Qxh3+ 36. Qh2 Qxh2# 0-1

[Event "GER-chT U14 Girls"]
[Site "Burg Stargard"]
[Date "2006.12.28"]
[Round "3.1"]
[White "Spangenberg, Pia"]
[Black "Wild, Katharina"]
[Result "0-1"]
[WhiteElo "1361"]
[BlackElo "1620"]
[PlyCount "74"]
[EventDate "2006.12.27"]
[EventType "team-swiss"]
[EventRounds "7"]
[EventCountry "GER"]
[SourceTitle "EXT 2008"]
[Source "ChessBase"]
[SourceDate "2007.11.25"]
[SourceVersion "1"]
[SourceVersionDate "2007.11.25"]
[SourceQuality "1"]
[WhiteTeam "Leipzig Lindenau U14 Girls"]
[BlackTeam "Nordhorn Blanke U14 Girls"]
[WhiteTeamCountry "GER"]
[BlackTeamCountry "GER"]

1. e4 c5 2. Nf3 d6 3. d4 cxd4 4. Nxd4 Nf6 5. Nc3 a6 6. Be2 e6 7. Be3 Qc7 8. 0-0 Nbd7 9. f4 b5 10. a3 Bb7 11. Bf3 Nc5 12. e5 dxe5 13. Bxb7 Nxb7 14. Qf3 exd4 15. Bxd4 Bc5 16. Bxc5 Qxc5+ 17. Kh1 Rb8 18. Rae1 0-0 19. Re5 Qc7 20. Rg5 Rfd8 21. f5 Qe5 22. Qh3 Kf8 23. Rg3 exf5 24. Re3 Qc5 25. Qxf5 Qxe3 26. g4 Qc5 27. Qf3 Rd7 28. h4 h6 29. Qf4 Qc6+ 30. Kg1 Qd6 31. Qf3 Qd4+ 32. Kh2 Qxg4 33. Qxg4 Nxg4+ 34. Kg3 Ne3 35. Rf2 Nc5 36. Kf3 Re8 37. Re2 Nf5 0-1